紀勢本線の駅 - Statistics

General Stats
  • This quiz has been taken 11 times
  • The average score is 39 of 96
Answer Stats
Hint Answer % Correct
和歌山県 新宮
100%
和歌山
100%
松阪
91%
和歌山市
91%
三重県 亀山
82%
尾鷲
82%
串本
82%
白浜
82%
紀伊田辺
82%
御坊
82%
広川ビーチ
82%
湯浅
82%
海南
82%
73%
熊野市
73%
紀伊勝浦
73%
周参見
73%
紀和
73%
一身田
64%
多気
64%
紀伊長島
64%
鵜殿
64%
太地
64%
古座
64%
南部
64%
印南
64%
藤並
64%
紀三井寺
64%
三瀬谷
55%
箕島
55%
六軒
45%
大内山
45%
九鬼
45%
新鹿
45%
那智
45%
朝来
45%
紀伊由良
45%
宮前
45%
阿漕
36%
高茶屋
36%
相可
36%
大曽根浦
36%
三木里
36%
三輪崎
36%
紀伊姫
36%
紀伊有田
36%
椿
36%
冷水浦
36%
下庄
27%
徳和
27%
佐奈
27%
栃原
27%
滝原
27%
二木島
27%
紀伊市木
27%
阿田和
27%
紀伊佐野
27%
紀伊天満
27%
見老津
27%
紀伊日置
27%
紀伊新庄
27%
道成寺
27%
紀伊内原
27%
下津
27%
加茂郷
27%
黒江
27%
三野瀬
18%
相賀
18%
波田須
18%
大泊
18%
紀伊井田
18%
湯川
18%
紀伊浦神
18%
紀伊田原
18%
田並
18%
田子
18%
和深
18%
江住
18%
紀伊富田
18%
芳養
18%
岩代
18%
切目
18%
稲原
18%
和佐
18%
紀伊宮原
18%
初島
18%
伊勢柏崎
9%
梅ケ谷
9%
船津
9%
賀田
9%
有井
9%
神志山
9%
宇久井
9%
下里
9%
川添
0%
阿曽
0%
No matching quizzes found
Score Distribution
Percent of People with Each Score
Percentile by Number Answered
Your Score History
You have not taken this quiz